00000000cam 2200000zi 4500
0019.962727
003CaOODSP
00520260512114356
006m     o  d f      
007cr mn|||||||||
008260512t19971997bcca    ob   f000 0 eng d
040 |aCaOODSP|beng|erda|cCaOODSP
0410 |aeng|beng|bfre
043 |an-cn-bc|apn-----
045 |ax9x9
0861 |aFs97-4/2447E-PDF|zFs97-4/2447E
24500|aPacific Stock Assessment Review Committee (PSARC) annual report for 1996 / |cby J. Rice, B. Leaman, S. Farlinger, L. Richards, R.J. Beamish, B. Holtby, and G. Thomas (editors).
264 1|aNanaimo, British Columbia : |bDepartment of Fisheries and Oceans, Science Branch, Pacific Biological Station, |c1997.
264 4|c©1997
300 |a1 online resource (iv, 289 pages) : |billustrations.
336 |atext|btxt|2rdacontent
337 |acomputer|bc|2rdamedia
338 |aonline resource|bcr|2rdacarrier
4901 |aCanadian manuscript report of fisheries and aquatic sciences, |y0706-6473 ; |vno. 2447
500 |aDigitized edition from print [produced by Department of Fisheries and Oceans].
504 |aIncludes bibliographical references.
5203 |a"This report summarizes activities undertaken by the Pacific Stock Assessment Review Committee (PSARC) during 1996. During this year, 53 reviewed Working Papers and 14 unreviewed Fishery Updates were presented at meetings of the four PSARC Subcommittees (Salmon, Invertebrates, Groundfish, and Herring). In this annual report, an overview by the Chairperson of the PSARC Steering Committee is followed by eight PSARC Advisory Documents which summarize the Working Papers, reviewers' comments, subcommittee discussions and Steering Committee comments"--Abstract, page iv.
546 |aIncludes abstracts in English and French.
61020|aPacific Stock Assessment Review Committee (Canada)
650 0|aFish stock assessment|zBritish Columbia|zPacific Coast.
650 0|aFishery management|zBritish Columbia|zPacific Coast.
650 0|aFish stock assessment|zBritish Columbia.
650 0|aFishery management|zBritish Columbia.
650 6|aRessources halieutiques|xÉvaluation|zColombie-Britannique|zPacifique, Côte du.
650 6|aPêches|xGestion|zColombie-Britannique|zPacifique, Côte du.
650 6|aRessources halieutiques|xÉvaluation|zColombie-Britannique.
650 6|aPêches|xGestion|zColombie-Britannique.
7001 |aRice, J. C., |eeditor.
7101 |aCanada. |bDepartment of Fisheries and Oceans, |eissuing body.
7102 |aPacific Biological Station (1972- ), |eissuing body.
830#0|aCanadian manuscript report of fisheries and aquatic sciences ;|vno. 2447.|w(CaOODSP)9.505211
85640|qPDF|s10.10 MB|uhttps://publications.gc.ca/collections/collection_2026/mpo-dfo/fs97-4/Fs97-4-2447-eng.pdf